Bibliografía analítica : temática universitaria /
Guardado en:
| Autor Corporativo: | |
|---|---|
| Formato: | Libro |
| Idioma: | Spanish |
| Publicado: |
Santa Fe :
Universidad nacional del Litoral,
1970.
|
| Series: | Serie Bibliográfica, 1
|
| Etiquetas: |
Agregar Etiqueta
Sin Etiquetas, Sea el primero en etiquetar este registro!
|
| LEADER | 00532nam a22001455a 4500 | ||
|---|---|---|---|
| 001 | EUN.um065613 | ||
| 008 | 041125s1970####ag############000#0#spa#d | ||
| 005 | 20190423143123.0 | ||
| 245 | 1 | 0 | |a Bibliografía analítica : |b temática universitaria / |c Universidad nacional del Litoral. |
| 260 | |a Santa Fe : |b Universidad nacional del Litoral, |c 1970. | ||
| 300 | |a 19 p. | ||
| 490 | 0 | |a Serie Bibliográfica, 1 | |
| 110 | 2 | |a Universidad nacional del Litoral |c Santa Fe. | |
| 082 | 0 | 4 | |a 378.016 |
| 859 | |a Ar-BaUNS |b BIB. CENTRAL - Sector C |h 378.016 |i Sa59 |p 57605/970 |v 1 | ||
